000 00629cab a2200217 4500
001 X2243
008 090401t1995 xxu||||| |||| 00| 0 eng d
035 _a(Sirsi) u22876
041 _aeng
245 _aPresident`s branch visits : a Sunderland `lad` returns to the North East
260 _c1995
350 _a0
490 _aCSM (Chartered Surveyor Monthly)
_v4(6) April 1995, 15(1)
650 _aBRANCH VISITS
650 _aRICS PRESIDENT
650 _aROY SWANSTON
650 _aSOCIETY OF CHARTERED SURVEYORS
690 _aMANAGEMENT-BUSINESS MANAGEMENT-PROFESSIONAL PRACTICE
942 _n0
948 _c04/03/1997
999 _c15337
_d15337